000 00637nam a2200241Ia 4500
003 OSt
005 20220918173958.0
006 a|||||r|||| 00| 0
007 ta
008 220917b |||||||| |||| 00| 0 eng d
024 _a9,588
037 _cTextual
040 _aARTS
_cARTS
_beng
041 _2eng
_aeng
082 _a272, H9 (2D)
100 _aJoeckel O
_948663
245 0 _aReaching readers
_b techiques of extending library services
260 _c1949
650 _aLIBRARY SCIENCE
700 _a Carleton B
_948664
942 _h272, H9 (2D)
_cTEXL
_2CC
999 _c151228
_d151228